[Event "SLO-chT U20"]
[Site "Murska Sobota"]
[Date "2007.08.25"]
[Round "1"]
[White "Dolenc, Anja"]
[Black "Skrinjar, Matic"]
[Result "0-1"]
[WhiteElo "1500"]
[BlackElo "1811"]
[PlyCount "90"]
[EventDate "2007.08.25"]
[EventType "team-swiss"]
[EventRounds "9"]
[EventCountry "SLO"]
[SourceTitle "CBM 120 Extra"]
[Source "ChessBase"]
[SourceDate "2007.11.01"]
[SourceVersion "1"]
[SourceVersionDate "2007.11.01"]
[SourceQuality "1"]

1. e4 e5 2. Nf3 Nc6 3. Nc3 Nf6 4. Bb5 a6 5. Bxc6 dxc6 6. Nxe5 Bc5 7. Nf3 0-0 8. d4 Bb4 9. Bg5 h6 10. Bh4 g5 11. Nxg5 hxg5 12. Bxg5 Be7 13. e5 Nh7 14. Bxe7 Qxe7 15. Qf3 f6 16. Qg3+ Kh8 17. 0-0-0 fxe5 18. Qxe5+ Qxe5 19. dxe5 Rxf2 20. Rd8+ Rf8 21. Rhd1 Be6 22. Rxa8 Rxa8 23. Ne4 Bd5 24. Nc5 b6 25. c4 Bxc4 26. Nb3 Bd5 27. g3 Re8 28. Re1 Ng5 29. Nd2 Nf7 30. Kc2 Kg7 31. h4 Rxe5 32. Rxe5 Nxe5 33. Nf1 Kh6 34. Kc3 Kh5 35. Kd4 Ng4 36. Kd3 Kg6 37. Ne3 Nxe3 38. Kxe3 Kf5 39. Kf2 Kg4 40. a3 a5 41. b4 axb4 42. axb4 c5 43. bxc5 bxc5 44. Ke3 c6 45. Kd3 Bf7 0-1

[Event "SLO-chT1 (Women)"]
[Site "Otocec"]
[Date "2006.11.04"]
[Round "4"]
[White "Kozarski, Lara"]
[Black "Dolenc, Anja"]
[Result "1-0"]
[WhiteElo "1690"]
[BlackElo "1500"]
[PlyCount "45"]
[EventDate "2006.11.02"]
[EventType "team-tourn"]
[EventRounds "9"]
[EventCountry "SLO"]
[SourceTitle "EXT 2008"]
[Source "ChessBase"]
[SourceDate "2007.11.25"]
[SourceVersion "1"]
[SourceVersionDate "2007.11.25"]
[SourceQuality "1"]

1. e4 e5 2. Nf3 Nc6 3. Bc4 Nf6 4. d3 Bc5 5. Bg5 h6 6. Bh4 g5 7. Bg3 Nd4 8. Bxe5 Nc6 9. Bc3 d6 10. h3 Rg8 11. Nh2 d5 12. exd5 Nxd5 13. Qe2+ Nce7 14. Ng4 Rg6 15. 0-0 Nxc3 16. Nxc3 Qd6 17. Ne4 Qb6 18. Ne5 Rg7 19. Nxc5 Qxc5 20. Rfe1 Be6 21. Bxe6 fxe6 22. Qh5+ Kf8 23. Nd7+ 1-0

[Event "SLO-chT (Women)"]
[Site "Bled"]
[Date "2005.11.06"]
[Round "5"]
[White "Novak, Ksenija"]
[Black "Dolenc, Anja"]
[Result "1-0"]
[WhiteElo "2181"]
[BlackElo "1500"]
[PlyCount "81"]
[EventDate "2005.11.03"]
[EventType "team-tourn"]
[EventRounds "9"]
[EventCountry "SLO"]
[SourceTitle "CBM 109 Extra"]
[Source "ChessBase"]
[SourceDate "2006.01.03"]
[SourceVersion "2"]
[SourceVersionDate "2006.01.03"]
[SourceQuality "1"]

1. e4 e5 2. Nf3 Nc6 3. Nc3 Nf6 4. g3 Bc5 5. Bg2 Ng4 6. 0-0 d6 7. d3 Be6 8. Na4 Bb6 9. Nxb6 axb6 10. Ng5 Nf6 11. Nxe6 fxe6 12. f4 exf4 13. Bxf4 e5 14. Bg5 0-0 15. c3 Qe7 16. Bh3 h6 17. Be3 Rfd8 18. Qd2 d5 19. exd5 Nxd5 20. Bf2 Nf6 21. Qc2 e4 22. dxe4 Qxe4 23. Qb3+ Qd5 24. Be6+ Kh8 25. Bxd5 Nxd5 26. Rad1 Nce7 27. c4 Nf6 28. Bd4 Rf8 29. Bxf6 Rxf6 30. Rxf6 gxf6 31. Qe3 Nf5 32. Qe6 Nd6 33. Qxf6+ Kh7 34. Qe7+ Kg8 35. Qxc7 Nf7 36. Rd7 Rf8 37. h4 h5 38. Qxb6 Ne5 39. Qe6+ Kh8 40. Qh6+ Kg8 41. Rg7# 1-0